Hull City Squad 2014-2015 - Statistics

General Stats
  • This quiz has been taken 12 times
  • The average score is 22 of 29
Answer Stats
# Position Nation Player % Correct
4 DF Northern Ireland Alex Bruce
100%
16 GK Switzerland Eldin Jakupović
100%
5 DF Wales James Chester
100%
- Coach England Steve Bruce
100%
9 FW Uruguay Abel Hernández
90%
27 MF Egypt Ahmed Elmohamady
90%
1 GK Scotland Allan McGregor
90%
26 DF Scotland Andrew Robertson
90%
6 DF England Curtis Davies
90%
7 MF Ireland David Meyler
90%
17 MF Senegal Mohamed Diamé
90%
18 FW Croatia Nikica Jelavić
90%
8 MF England Tom Huddlestone
90%
25 MF Uruguay Gastón Ramírez
80%
12 DF England Harry Maguire
80%
14 MF England Jake Livermore
80%
2 DF England Liam Rosenior
80%
11 FW Ireland Robbie Brady
80%
24 FW Nigeria Sone Aluko
80%
28 FW Senegal Dame N'Doye
70%
3 DF Honduras Maynor Figueroa
70%
21 DF England Michael Dawson
70%
15 DF Ireland Paul McShane
70%
34 MF France Hatem Ben Arfa
60%
10 FW Scotland Robert Snodgrass
60%
29 MF Ireland Stephen Quinn
50%
20 FW Ivory Coast Yannick Sagbo
50%
22 GK England Steve Harper
40%
19 DF Northern Ireland Joe Dudgeon
10%
No matching quizzes found
Score Distribution
Percent of People with Each Score
Percentile by Number Answered
Your Score History
You have not taken this quiz